LIBRARY & INFORMATION CENTRE, KCAET, TAVANUR

ONLINE PUBLIC ACCESS CATALOGUE (OPAC)

Chand Sitare / (Record no. 11646)

MARC details
000 -LEADER
fixed length control field 00370cam a2200145ua 4500
041 ## - LANGUAGE CODE
Language code of text/sound track or separate title hin
082 ## - DEWEY DECIMAL CLASSIFICATION NUMBER
Classification number 891.43
Item number RAV/CH
100 ## - MAIN ENTRY--AUTHOR NAME
Personal name Ravindranath Tagore, .
245 ## - TITLE STATEMENT
Title Chand Sitare /
260 ## - PUBLICATION, DISTRIBUTION, ETC. (IMPRINT)
Place of publication :
Name of publisher Narayanadath sahgal and sons ,
Year of publication 1961.
300 ## - PHYSICAL DESCRIPTION
Number of Pages 143 ; .
942 ## - ADDED ENTRY ELEMENTS (KOHA)
Koha item type Books
Holdings
Withdrawn status Lost status Damaged status Home library Current library Date acquired Full call number Accession Number Koha item type Public note
Withdrawn     KAUAET KAUAET 07/04/2012 891.43 2843 Books Deleted
free website counter